Top 10 S.L. Benfica Goalscorers - Statistics

General Stats
  • This quiz has been taken 701 times
  • The average score is 4 of 10
Answer Stats
Place Players # Goals % Correct
1 Eusébio 638
99%
10 Óscar Cardozo 106
76%
8 Nuno Gomes 160
56%
2 José Águas 438
54%
3 Nené 359
43%
4 José Torres 226
33%
9 José Augusto 138
22%
5 Arsénio 220
10%
7 Julinho 202
10%
6 Rogério de Carvalho 205
7%
No matching quizzes found
Score Distribution
Percent of People with Each Score
Percentile by Number Answered
Your Score History
You have not taken this quiz